[Event "25th European Teams Women"]
[Site "Batumi GEO"]
[Date "2025.10.09"]
[Round "5.8"]
[Board "1"]
[White "Injac, Teodora"]
[Black "Narva, Mai"]
[Result "0-1"]
[WhiteTitle "IM"]
[BlackTitle "IM"]
[WhiteElo "2436"]
[BlackElo "2403"]
[WhiteTeam "Serbia"]
[BlackTeam "Estonia"]
[WhiteFideId "932400"]
[BlackFideId "4500512"]
[EventDate "2025.10.05"]

1. d4 Nf6 2. Nf3 e6 3. c4 Bb4+ 4. Bd2 Bxd2+ 5. Qxd2 d5 6. Nc3 O-O 7. h4 Qe7 8.
h5 c5 9. h6 g6 10. dxc5 Qxc5 11. cxd5 exd5 12. Rc1 Be6 13. g3 Nc6 14. Rh4 Rad8
15. b4 Qe7 16. b5 Na5 17. Qg5 Rfe8 18. Nd4 Rc8 19. Nxe6 fxe6 20. Bh3 Nc4 21. Rf4
Nd7 22. Qxe7 Rxe7 23. Rd4 Nd6 24. Kd1 Nf6 25. f3 Nf5 26. Bxf5 gxf5 27. e4 Rec7
28. Ne2 Rxc1+ 29. Nxc1 fxe4 30. fxe4 Nxe4 31. Ne2 Kf7 32. Ra4 Rc5 33. Rxa7 Rxb5
34. Ra8 e5 35. a4 Rb2 36. a5 d4 37. Rb8 d3 38. a6 dxe2+ 39. Ke1 Nc5 0-1

[Event "25th European Teams Women"]
[Site "Batumi GEO"]
[Date "2025.10.09"]
[Round "5.8"]
[Board "2"]
[White "Olde, Margareth"]
[Black "Pogorelskikh, Sofia"]
[Result "0-1"]
[WhiteTitle "WIM"]
[BlackTitle "WIM"]
[WhiteElo "2187"]
[BlackElo "2289"]
[WhiteTeam "Estonia"]
[BlackTeam "Serbia"]
[WhiteFideId "4503082"]
[BlackFideId "44164548"]
[EventDate "2025.10.05"]

1. d4 d5 2. c4 c6 3. e3 Nf6 4. Nf3 Bf5 5. Nc3 e6 6. Nh4 Bg6 7. Nxg6 hxg6 8. h3
Nbd7 9. Bd3 Bb4 10. Bd2 a5 11. O-O O-O 12. a3 Be7 13. Qf3 a4 14. Qd1 dxc4 15.
Bxc4 e5 16. dxe5 Nxe5 17. Ba2 b5 18. f4 Nc4 19. Bxc4 bxc4 20. Qe2 Qd3 21. Rfd1
Qxe2 22. Nxe2 Ne4 23. Rac1 Rfd8 24. Bc3 Rd3 25. Rxd3 cxd3 26. Nd4 d2 27. Rd1
Nxc3 28. bxc3 Bxa3 29. Rxd2 Bc1 30. Re2 a3 31. Nc2 c5 32. c4 Bb2 33. Nxa3 Bxa3
34. Ra2 f5 35. Kf2 Ra5 36. Rd2 Bb4 37. Rd8+ Kh7 38. g4 Ra2+ 39. Kf3 Rc2 40. Rf8
Rxc4 41. gxf5 gxf5 42. Rxf5 Rc1 43. Rf7 c4 44. Rc7 Bd2 45. Ke2 c3 46. Kd3 Rh1
47. f5 Rxh3 48. f6 Rxe3+ 49. Kd4 Kg6 50. fxg7 Kh7 51. Kd5 Rg3 52. g8=Q+ Kxg8 53.
Ke4 Kf8 54. Kd4 Ke8 55. Ke4 Kd8 56. Rc6 Kd7 57. Rc5 Rh3 58. Rd5+ Kc6 59. Rd8 Kb5
60. Rc8 Kb4 61. Kd4 0-1

[Event "25th European Teams Women"]
[Site "Batumi GEO"]
[Date "2025.10.09"]
[Round "5.8"]
[Board "3"]
[White "Velikic, Adela"]
[Black "Olde, Grete"]
[Result "1-0"]
[WhiteTitle "WIM"]
[BlackTitle "WCM"]
[WhiteElo "2261"]
[BlackElo "1972"]
[WhiteTeam "Serbia"]
[BlackTeam "Estonia"]
[WhiteFideId "913553"]
[BlackFideId "4503104"]
[EventDate "2025.10.05"]

1. c4 Nf6 2. Nc3 e6 3. e4 d5 4. cxd5 exd5 5. e5 Ne4 6. Nf3 Nxc3 7. dxc3 c6 8.
Bd3 Bc5 9. O-O h6 10. Re1 Be6 11. Be3 Bxe3 12. Rxe3 Nd7 13. Nd4 Nf8 14. f4 g6
15. g4 Bd7 16. Qe2 Qb6 17. f5 gxf5 18. gxf5 O-O-O 19. b4 Nh7 20. Kh1 c5 21. bxc5
Qxc5 22. Rb1 b6 23. e6 fxe6 24. fxe6 Be8 25. e7 Rd7 26. Bf5 Nf6 27. Re6 Kb8 28.
Qe5+ Kb7 29. Qxf6 Rg8 30. Ree1 Rc7 31. Qe6 Rg7 32. Qxh6 Rcxe7 33. Rxe7+ Rxe7 34.
Qd2 Bh5 35. Re1 Rf7 36. Bh3 Bg6 37. Bg2 Be4 38. Bxe4 dxe4 39. Ne6 Qf2 40. Qxf2
Rxf2 41. a4 Rc2 42. Re3 Kc8 43. h4 Kd7 44. Ng5 Ke7 45. Rxe4+ Kf6 46. Rc4 Kf5 47.
Kg1 a6 48. Nf3 Ra2 49. h5 b5 50. axb5 axb5 51. Rh4 Ra8 52. h6 Rh8 53. h7 Kg6 54.
Kf2 Kg7 55. Rh1 Kg6 56. Ke3 Kg7 57. Ne5 Kf6 58. Ke4 Kg7 59. Rg1+ Kf6 60. Rg6+ 1-0

[Event "25th European Teams Women"]
[Site "Batumi GEO"]
[Date "2025.10.09"]
[Round "5.8"]
[Board "4"]
[White "Tsiganova, Monika"]
[Black "Mehmed, Elif"]
[Result "1-0"]
[WhiteTitle "WIM"]
[BlackTitle "WGM"]
[WhiteElo "2057"]
[BlackElo "2295"]
[WhiteTeam "Estonia"]
[BlackTeam "Serbia"]
[WhiteFideId "4500199"]
[BlackFideId "2921103"]
[EventDate "2025.10.05"]

1. d4 Nf6 2. Nf3 d5 3. c4 e6 4. Nc3 dxc4 5. e3 a6 6. Bxc4 b5 7. Bd3 Bb7 8. O-O
c5 9. a3 Nbd7 10. Qe2 Qb6 11. Rd1 Be7 12. Ne5 Rd8 13. Nxd7 Nxd7 14. dxc5 Nxc5
15. Bc2 Rxd1+ 16. Qxd1 Bf6 17. Bd2 O-O 18. Qg4 Rd8 19. Rd1 Qc6 20. e4 Nd3 21.
Bg5 Ne5 22. Rxd8+ Bxd8 23. Qg3 f6 24. Bc1 Bc7 25. Qh3 Nc4 26. Qd3 Be5 27. Nd1
Kf7 28. b3 Nd6 29. f3 g5 30. Be3 Qc7 31. h3 Ke7 32. Qd2 Nf7 33. Nf2 Bh2+ 34. Kh1
Bd6 35. a4 b4 36. Bd3 a5 37. Be2 h5 38. Qd4 Ne5 39. Bb5 Qc2 40. Qd1 Qc3 41. Bd4
Qc7 42. Qd2 Ng6 43. Nd3 Bc8 44. Bc4 Bd7 45. Qf2 Qc8 46. Bb6 Qa8 47. Qd4 g4 48.
Bc5 Qb8 49. e5 Nxe5 50. Nxe5 fxe5 51. Qxe5 Qc7 52. Qg5+ Kf8 53. Qf6+ Ke8 54. Bd3
Bc8 55. Bb5+ Bd7 56. Qxe6+ Kd8 57. Qf6+ Ke8 58. Bxd6 1-0

[Event "25th European Teams Women"]
[Site "Batumi GEO"]
[Date "2025.10.09"]
[Round "5.9"]
[Board "1"]
[White "Brunello, Marina"]
[Black "Gaal, Zsoka"]
[Result "1/2-1/2"]
[WhiteTitle "IM"]
[BlackTitle "WGM"]
[WhiteElo "2287"]
[BlackElo "2395"]
[WhiteTeam "Italy"]
[BlackTeam "Hungary"]
[WhiteFideId "822590"]
[BlackFideId "777765"]
[EventDate "2025.10.05"]

1. e4 e6 2. d4 d5 3. e5 c5 4. c3 Nc6 5. Nf3 Bd7 6. Be2 Nge7 7. O-O Ng6 8. g3 Be7
9. h4 cxd4 10. cxd4 O-O 11. h5 Nh8 12. Na3 f6 13. Nc2 Nf7 14. Bf4 fxe5 15. dxe5
Ng5 16. Bxg5 Bxg5 17. Nfd4 Qb6 18. Kg2 Be7 19. f4 Nxd4 20. Nxd4 Bc5 21. Nf3 Qxb2
22. Kh3 Bb5 23. Bxb5 Qxb5 24. Ng5 Qe8 25. f5 exf5 26. Qxd5+ Kh8 27. Ne6 Qxh5+
28. Kg2 Qe2+ 29. Kh1 Qh5+ 30. Kg2 Qe2+ 31. Kh1 Bb6 32. Nxf8 Qh5+ 33. Kg2 Qe2+
34. Kh1 Rxf8 35. Rad1 Qh5+ 36. Kg2 Qe2+ 37. Kh1 h6 38. Rfe1 Qg4 39. Kg2 f4 40.
Qf3 Qe6 41. Re2 Bc5 42. gxf4 g5 43. f5 Rxf5 44. Rd8+ Kg7 45. Qxb7+ Rf7 46. Qc8
Qxc8 47. Rxc8 Bb4 48. Re8 h5 49. e6 Re7 50. Rxe7+ Bxe7 51. Rf2 Kg6 52. Rf7 Bc5
53. Rc7 Bd6 54. Rxa7 Kf6 55. Rh7 Kxe6 56. Rxh5 Bf4 57. Kf3 Kd5 58. Rh7 Kc6 59.
Ke4 Kb6 60. Rg7 Bd2 61. Kd3 Bf4 62. Kc4 Be3 63. Rg6+ Ka5 64. Rg8 Kb6 65. Rd8 Bf4
66. Kb4 Bc7 67. Rg8 Bd6+ 68. Kc4 Bf4 69. Rg7 Be3 70. Rf7 Bf4 71. Rf5 Be3 72.
Rb5+ Ka6 73. Rd5 Kb6 74. Kb4 Bf4 75. Rb5+ Ka6 76. Ka4 Bd2 77. Rb8 Bf4 78. Rb2
Bc7 79. Rf2 g4 80. Rf6+ Kb7 81. Kb5 g3 82. Rf7 Kb8 83. Rf8+ Kb7 84. Rg8 Be5 85.
Rg6 Ka7 86. Rg5 Bc7 87. Kc6 Bf4 88. Rg7+ Kb8 89. Rg4 Be5 90. Re4 Bf6 91. Re3 Bh4
92. Re8+ Ka7 93. Rg8 Bf6 94. Rxg3 Bd4 95. Rg4 Bf2 96. Rg7+ Kb8 97. Rb7+ Ka8 98.
Rf7 Bg1 99. Rf8+ Ka7 100. Rg8 Be3 101. Rg3 Bd4 102. Rd3 Bg1 103. Rf3 Bd4 104.
Ra3+ Kb8 105. Rb3+ Ka7 106. Rb7+ Ka8 107. Rd7 Bf2 108. Kc7 Bg3+ 109. Kc8 Bf2
110. Rd2 Be3 111. Rd3 Bg1 112. Rg3 Bf2 113. Rg4 Bb6 114. a3 Ba7 115. Kc7 Be3
116. Rg8+ Ka7 117. Rf8 Bg1 118. Rh8 Bf2 119. Rg8 Bb6+ 120. Kc6 Be3 121. Rg4 Bf2
122. Kb5 Ka8 123. Rg8+ Kb7 124. Rg7+ Kb8 125. Ka6 Bc5 126. Rg8+ Kc7 127. Rg3 Kb8
128. a4 Bf2 129. Rg8+ Kc7 130. Rg7+ Kb8 131. Rg2 Be3 132. Rg7 Bf2 133. Rg4 Be3
134. Rg2 Bd4 135. Rd2 Bg1 136. Re2 Bd4 137. Re8+ Kc7 138. Re4 Bf2 139. Rb4 Be3
140. Rb7+ Kc8 141. Rb3 Bf2 142. Rb2 Be3 143. Re2 Bg1 144. Rg2 Be3 145. Rg7 Kb8
146. Re7 Bg1 147. Re2 Bd4 148. Rg2 Be3 149. Rg4 Bf2 150. Kb5 Kb7 151. Rg7+ Ka8
152. Kc6 Be3 153. Rg2 Bd4 154. Re2 Bg1 155. Re8+ Ka7 156. Rh8 Bf2 157. Rg8 Be3
158. Rg4 Bf2 159. Kc7 Bb6+ 160. Kc8 Be3 161. Re4 Bf2 162. Re2 Bg1 163. Rb2 Ka8
164. Rg2 Be3 165. Rg3 Bf2 166. Rg5 Be3 167. Ra5+ Ba7 168. Rf5 Bb6 169. Rf6 Ka7
170. Rf7+ Ka8 171. Rb7 Bf2 172. Rb5 Be3 173. Kc7 Bf2 174. Rf5 Bg1 175. Rh5 Bf2
176. Rg5 Be3 177. Rf5 Bg1 178. Rf6 Bh2+ 179. Kc8 1/2-1/2

[Event "25th European Teams Women"]
[Site "Batumi GEO"]
[Date "2025.10.09"]
[Round "5.9"]
[Board "2"]
[White "Nomin-Erdene, Davaademberel"]
[Black "Sedina, Elena"]
[Result "1-0"]
[WhiteTitle "IM"]
[BlackTitle "IM"]
[WhiteElo "2306"]
[BlackElo "2233"]
[WhiteTeam "Hungary"]
[BlackTeam "Italy"]
[WhiteFideId "4900782"]
[BlackFideId "812153"]
[EventDate "2025.10.05"]

1. e4 e6 2. d4 d5 3. Nc3 Nf6 4. e5 Nfd7 5. f4 c5 6. Nf3 Nc6 7. Be3 Rb8 8. a3
cxd4 9. Nxd4 Bc5 10. Qd2 Nxd4 11. Bxd4 a6 12. Bxc5 Nxc5 13. Qd4 Nd7 14. O-O-O b5
15. h4 O-O 16. f5 Qc7 17. Re1 exf5 18. Nxd5 Qc5 19. Qd2 Bb7 20. Nf6+ Nxf6 21.
exf6 Be4 22. Bd3 Bxd3 23. Qxd3 gxf6 24. Rhf1 Rbd8 25. Qg3+ Kh8 26. h5 Rg8 27.
Qh4 Qd4 28. Rf4 Qd2+ 29. Kb1 Rg5 30. Ref1 Qxg2 31. Rxf5 Rxf5 32. Rxf5 Rd1+ 33.
Ka2 Rd6 34. Rc5 Kg7 35. h6+ Kf8 36. Qf4 Qd2 37. Rc8+ Ke7 38. Qe4+ Re6 39. Qb7+
Qd7 40. Rc7 1-0

[Event "25th European Teams Women"]
[Site "Batumi GEO"]
[Date "2025.10.09"]
[Round "5.9"]
[Board "3"]
[White "Gueci, Tea"]
[Black "Terbe, Julianna"]
[Result "1/2-1/2"]
[WhiteTitle "WIM"]
[BlackTitle "WIM"]
[WhiteElo "2175"]
[BlackElo "2206"]
[WhiteTeam "Italy"]
[BlackTeam "Hungary"]
[WhiteFideId "872342"]
[BlackFideId "708780"]
[EventDate "2025.10.05"]

1. e4 e5 2. Nf3 Nc6 3. Bc4 Nf6 4. d3 Bc5 5. Nc3 h6 6. O-O O-O 7. a4 a6 8. Be3
Bxe3 9. fxe3 d6 10. Qe2 Ne7 11. d4 Ng6 12. Nd2 c6 13. d5 a5 14. h3 Qe7 15. Rf2
cxd5 16. Nxd5 Nxd5 17. Bxd5 Be6 18. Qb5 Qg5 19. Nc4 Bxh3 20. Nxd6 Nh4 21. Qe2
Bg4 22. Nxf7 Rxf7 23. Bxf7+ Kh8 24. Qf1 Qxe3 25. Ra3 Qxe4 26. Rd3 Qc6 27. Bd5
Qc5 28. Kh1 Ng6 29. Bxb7 Rb8 30. Be4 Nf4 31. Rc3 Qd4 32. Bf3 Bxf3 33. Rcxf3 Qxb2
34. g3 Ng6 35. Qd3 Kh7 36. Rf7 Qa1+ 37. Kh2 Qxa4 38. c4 Qb3 39. Qd7 Rg8 40. c5
e4 41. c6 e3 42. Re2 Ne5 43. Qf5+ Kh8 44. Rf8 Nxc6 45. Rxg8+ Qxg8 46. Rxe3 Qd8
47. Kh3 Ne7 48. Qf7 Qc8+ 49. g4 Ng8 50. Re8 Qc3+ 51. Kh4 Qf6+ 52. Qxf6 gxf6 53.
Ra8 Kg7 54. Kh5 Kf7 55. Rxa5 Ke6 56. Kg6 Ne7+ 57. Kxh6 Nd5 58. Ra4 Ke5 59. Kg6
Nf4+ 60. Kf7 Nh3 61. Ra3 Nf2 62. Ra4 Nh3 63. Kg7 Nf2 64. Kg6 Nh3 65. Rb4 Nf4+
66. Kh6 Nh3 67. Rb3 Nf2 68. Rb5+ Ke6 69. Kh5 Nd3 70. Rf5 Ne5 71. Rf4 Nd3 72. Rf3
Ne5 73. Rf1 Nd3 74. Rf3 Ne5 75. Rf2 Nd3 76. Re2+ Ne5 77. Ra2 Nd3 78. Ra6+ Kf7
79. Kh6 Ne5 80. g5 fxg5 81. Kxg5 Ke7 82. Kf5 Nd7 83. Rh6 Nc5 84. Rc6 Nd7 85. Ke4
Nf6+ 86. Ke5 Nd7+ 87. Kf5 Nf8 88. Rf6 Nd7 89. Re6+ Kd8 90. Rh6 Ke7 91. Rc6 Nf8
92. Rc7+ 1/2-1/2

[Event "25th European Teams Women"]
[Site "Batumi GEO"]
[Date "2025.10.09"]
[Round "5.9"]
[Board "4"]
[White "Karacsonyi, Kata"]
[Black "Zito, Enrica"]
[Result "1/2-1/2"]
[WhiteTitle "WFM"]
[BlackTitle "WFM"]
[WhiteElo "2195"]
[BlackElo "2045"]
[WhiteTeam "Hungary"]
[BlackTeam "Italy"]
[WhiteFideId "769584"]
[BlackFideId "2864083"]
[EventDate "2025.10.05"]

1. e4 c5 2. Nf3 Nc6 3. Nc3 e5 4. Bc4 g6 5. d3 h6 6. Nd2 Bg7 7. Nf1 Nge7 8. Ne3
O-O 9. h4 d6 10. Bd2 Kh7 11. Ncd5 Nxd5 12. Bxd5 Ne7 13. a4 Nxd5 14. Nxd5 Be6 15.
Ne3 f5 16. h5 g5 17. exf5 Bxf5 18. Nxf5 Rxf5 19. Qg4 Rf7 20. Qe4+ Kh8 21. Qd5
Qf6 22. Be3 e4 23. dxe4 Qxb2 24. O-O Qf6 25. Rab1 Qe7 26. Rfd1 Be5 27. Rd3 Raf8
28. a5 Qc7 29. Rdb3 Qxa5 30. Rxb7 Rxb7 31. Qxb7 Qa2 32. Qb3 Qxb3 33. Rxb3 a5 34.
Rb5 Ra8 35. Bc1 a4 36. Ba3 Bd4 37. Kf1 Rf8 38. f3 g4 39. Ke2 gxf3+ 40. gxf3 Rg8
41. Bb2 Bxb2 42. Rxb2 Ra8 43. Ra2 Kg7 44. Kd3 Kf6 45. f4 a3 46. c4 Rg8 47. Rd2
Ke6 48. Kc2 Rb8 49. Rd3 Rb4 50. Rxa3 Rxc4+ 51. Kd3 Rc1 52. Ra7 Rd1+ 53. Ke3 Rh1
54. f5+ Kf6 55. Rd7 Rd1 56. Rh7 Kg5 57. Rg7+ Kxh5 58. f6 Rf1 59. f7 Rf6 60. e5
dxe5 61. Ke4 Kh4 62. Kxe5 Rf1 63. Kd5 h5 64. Kxc5 Kh3 65. Kd5 h4 66. Ke6 Kh2 67.
Rg5 Rxf7 68. Kxf7 h3 69. Kf6 Kh1 70. Kf5 h2 71. Kg4 Kg2 72. Kf4+ Kf2 73. Rh5 1/2-1/2

[Event "25th European Teams Women"]
[Site "Batumi GEO"]
[Date "2025.10.09"]
[Round "5.10"]
[Board "1"]
[White "Rodshtein, Tereza"]
[Black "Roebers, Eline"]
[Result "0-1"]
[WhiteTitle "WGM"]
[BlackTitle "IM"]
[WhiteElo "2219"]
[BlackElo "2383"]
[WhiteTeam "Czech Republic"]
[BlackTeam "Netherlands"]
[WhiteFideId "325449"]
[BlackFideId "1058401"]
[EventDate "2025.10.05"]

1. e4 c5 2. Nf3 d6 3. d4 cxd4 4. Nxd4 Nf6 5. Nc3 a6 6. h3 e6 7. g4 Be7 8. Bg2
Nfd7 9. Qe2 Qb6 10. Nb3 Nc6 11. O-O g5 12. a4 Qc7 13. Be3 b6 14. Rad1 Bb7 15.
Nd2 Nce5 16. Nf3 Nxf3+ 17. Qxf3 h5 18. gxh5 f5 19. Qe2 f4 20. Bc1 Ne5 21. Bf3
Nxf3+ 22. Qxf3 Bf6 23. Qg4 Qe7 24. Rfe1 Be5 25. Ne2 O-O-O 26. Nd4 Kb8 27. Nf3
Bf6 28. e5 dxe5 29. Nxe5 Qc7 30. Ng6 Qc6 31. Kh2 Rxd1 32. Rxd1 Rxh5 33. Rg1 Qxc2
34. Bxf4+ gxf4 35. Qxf4+ Qc7 36. Re1 Qxf4+ 37. Nxf4 Be5 0-1

[Event "25th European Teams Women"]
[Site "Batumi GEO"]
[Date "2025.10.09"]
[Round "5.10"]
[Board "2"]
[White "Van Foreest, Machteld"]
[Black "Zelbova, Lada"]
[Result "1-0"]
[WhiteTitle "FM"]
[BlackTitle "WFM"]
[WhiteElo "2314"]
[BlackElo "2169"]
[WhiteTeam "Netherlands"]
[BlackTeam "Czech Republic"]
[WhiteFideId "1051563"]
[BlackFideId "23717882"]
[EventDate "2025.10.05"]

1. e4 c5 2. Nf3 d6 3. d4 cxd4 4. Nxd4 Nf6 5. Nc3 a6 6. f4 e5 7. Nb3 Be7 8. fxe5
dxe5 9. Qxd8+ Bxd8 10. Be3 Nbd7 11. a4 O-O 12. Be2 b6 13. O-O Bb7 14. Rad1 Rc8
15. Nd2 Nc5 16. Nc4 Nfxe4 17. Nxe4 Nxe4 18. c3 Bg5 19. Bxg5 Nxg5 20. h4 Ne4 21.
Nxb6 Ng3 22. Nxc8 Nxe2+ 23. Kf2 Bxc8 24. Kxe2 Bg4+ 25. Ke3 Bxd1 26. Rxd1 h5 27.
Rd6 Rb8 28. b4 Rc8 29. Kd2 Rc4 30. Rxa6 Rg4 31. b5 Rxg2+ 32. Kc1 Kh7 33. b6 Rg6
34. a5 e4 35. Ra8 e3 36. b7 Rg1+ 37. Kc2 e2 38. Re8 Rg2 39. Kd2 1-0

[Event "25th European Teams Women"]
[Site "Batumi GEO"]
[Date "2025.10.09"]
[Round "5.10"]
[Board "3"]
[White "Worek, Joanna"]
[Black "Kazarian, Anna-Maja"]
[Result "1-0"]
[WhiteTitle "WGM"]
[BlackTitle "FM"]
[WhiteElo "2209"]
[BlackElo "2244"]
[WhiteTeam "Czech Republic"]
[BlackTeam "Netherlands"]
[WhiteFideId "1118080"]
[BlackFideId "1033689"]
[EventDate "2025.10.05"]

1. e4 c5 2. Nf3 d6 3. d4 cxd4 4. Nxd4 Nf6 5. Nc3 a6 6. a3 e5 7. Nf5 Bxf5 8. exf5
Nc6 9. Bg5 Nd4 10. Bd3 Be7 11. Bxf6 Bxf6 12. Be4 g6 13. fxg6 hxg6 14. Nd5 Bg7
15. c3 Ne6 16. Qe2 Rc8 17. g3 f5 18. Bc2 Qa5 19. Rd1 e4 20. Nb4 Be5 21. h4 g5
22. h5 Rh6 23. Bb3 Nc5 24. Ba2 Qa4 25. Qd2 f4 26. Qd5 Re6 27. gxf4 gxf4 28. h6
a5 29. h7 Bh8 30. Qh5+ Kd8 31. Bxe6 axb4 32. Qg5+ Kc7 33. Qe7+ Kb8 34. Qxd6+ Rc7
35. Qd8+ Ka7 36. Qxc7 Nd3+ 37. Rxd3 exd3 38. Qc5+ Kb8 39. Rg1 bxc3 40. Rg8+ 1-0

[Event "25th European Teams Women"]
[Site "Batumi GEO"]
[Date "2025.10.09"]
[Round "5.10"]
[Board "4"]
[White "Duson, Robin"]
[Black "Lhotska, Anna"]
[Result "1-0"]
[BlackTitle "WFM"]
[WhiteElo "2188"]
[BlackElo "2165"]
[WhiteTeam "Netherlands"]
[BlackTeam "Czech Republic"]
[WhiteFideId "1055038"]
[BlackFideId "376183"]
[EventDate "2025.10.05"]

1. d4 Nf6 2. c4 g6 3. Nc3 Bg7 4. e4 d6 5. Be2 O-O 6. Be3 Na6 7. Nf3 e5 8. O-O
Qe7 9. d5 Ng4 10. Bg5 f6 11. Bc1 f5 12. exf5 gxf5 13. Ng5 h6 14. Nh3 Nf6 15. f4
e4 16. Be3 c5 17. Nf2 Nc7 18. a4 b6 19. Kh1 a6 20. Rg1 Rb8 21. g4 b5 22. axb5
axb5 23. cxb5 Bb7 24. gxf5 Nfxd5 25. Bc4 Rxf5 26. b6 Kh8 27. bxc7 Nxc7 28. Qg4
Rbf8 29. Ra7 Bxc3 30. bxc3 Bc6 31. Qh3 Kh7 32. Bg8+ Rxg8 33. Qxf5+ Kh8 34. Rxg8+
Kxg8 35. Qc8+ 1-0

[Event "25th European Teams Women"]
[Site "Batumi GEO"]
[Date "2025.10.09"]
[Round "5.11"]
[Board "1"]
[White "Atalik, Ekaterina"]
[Black "Unuk, Laura"]
[Result "1/2-1/2"]
[WhiteTitle "IM"]
[BlackTitle "IM"]
[WhiteElo "2357"]
[BlackElo "2317"]
[WhiteTeam "Turkiye"]
[BlackTeam "Slovenia"]
[WhiteFideId "4130189"]
[BlackFideId "14609215"]
[EventDate "2025.10.05"]

1. d4 d5 2. c4 e6 3. Nc3 c5 4. e3 Nf6 5. Nf3 Nc6 6. a3 a6 7. dxc5 Bxc5 8. b4 Ba7
9. Bb2 O-O 10. Qc2 Qe7 11. Rd1 Rd8 12. Be2 dxc4 13. Rxd8+ Nxd8 14. Bxc4 b5 15.
Bd3 Bb7 16. Ne2 h6 17. O-O Rc8 18. Qb1 Bb8 19. Ng3 Bd5 20. Ne4 Nxe4 21. Bxe4
Bxe4 22. Qxe4 Rc4 23. Qd3 Qd6 24. Qxd6 Bxd6 25. Rd1 Nb7 26. Kf1 f6 27. Ke2 Kf7
28. Kd3 Bb8 29. Rc1 Nd6 30. Nd2 Rxc1 31. Bxc1 Ba7 32. Nb1 e5 33. Nc3 Ke6 34. f3
Bb6 35. g4 g5 36. e4 Ne8 37. Nd5 Bf2 38. Bd2 Bg1 39. h3 Ba7 40. Be1 Kd6 41. h4
Ke6 42. h5 Kd6 43. Bd2 Ke6 44. Kc2 Bg1 45. Kb3 Bf2 46. a4 Bg1 47. a5 Bf2 48. Kc2
Bg1 49. Kd3 Bf2 50. Bc3 Bg1 51. Bd2 1/2-1/2

[Event "25th European Teams Women"]
[Site "Batumi GEO"]
[Date "2025.10.09"]
[Round "5.11"]
[Board "2"]
[White "Urh, Zala"]
[Black "Caglar, Sila"]
[Result "1-0"]
[WhiteTitle "WIM"]
[BlackTitle "WIM"]
[WhiteElo "2252"]
[BlackElo "2304"]
[WhiteTeam "Slovenia"]
[BlackTeam "Turkiye"]
[WhiteFideId "14611481"]
[BlackFideId "6364063"]
[EventDate "2025.10.05"]

1. d4 d5 2. c4 e6 3. Nf3 h6 4. g3 Nf6 5. Bg2 Bd6 6. O-O O-O 7. b3 b6 8. Nc3 Bb7
9. Nd2 Bb4 10. Bb2 Nbd7 11. a3 Be7 12. e4 dxe4 13. Ndxe4 Nxe4 14. Nxe4 Rb8 15.
Qe2 Nf6 16. Rad1 Nxe4 17. Bxe4 Bxe4 18. Qxe4 Bf6 19. Rfe1 b5 20. Bc3 Qd7 21. Bb4
Rfe8 22. Qg4 bxc4 23. bxc4 Qa4 24. Qh5 Rbd8 25. d5 exd5 26. Rxe8+ Rxe8 27. Rxd5
Qc2 28. Qg4 Re6 29. Rb5 Kh7 30. Qf5+ Qxf5 31. Rxf5 Rc6 32. c5 Kg6 33. Rd5 Be7
34. a4 f6 35. Kg2 Kf7 36. Kf3 g6 37. Ke4 Ra6 38. a5 Re6+ 39. Kd3 Ke8 40. f4 f5
41. Rd4 c6 42. a6 Bf6 43. Rd6 Ke7 44. Rxe6+ Kxe6 45. Ba5 Kd7 46. Bb6 Kc8 47.
Bxa7 g5 48. fxg5 hxg5 49. Ke3 Be5 50. Bb6 Kb8 51. Bd8 f4+ 52. Kf3 fxg3 53. hxg3
Bd4 54. Bb6 Be5 55. g4 Bh2 56. Ke4 Bg3 57. Kf5 Bf4 58. Ke6 Kc8 59. a7 Kb7 60.
Kd7 Be3 61. a8=Q+ Kxa8 62. Kxc6 Kb8 63. Kd7 Ka8 64. c6 Bxb6 65. c7 Bxc7 66. Kxc7
Ka7 67. Kd6 Kb7 68. Ke6 Kc7 69. Kf6 Kd7 70. Kxg5 Ke7 71. Kg6 Kf8 72. Kf5 1-0

[Event "25th European Teams Women"]
[Site "Batumi GEO"]
[Date "2025.10.09"]
[Round "5.11"]
[Board "3"]
[White "Aydin, Gulenay"]
[Black "Vidic, Teja"]
[Result "1/2-1/2"]
[WhiteTitle "WIM"]
[BlackTitle "WIM"]
[WhiteElo "2237"]
[BlackElo "2119"]
[WhiteTeam "Turkiye"]
[BlackTeam "Slovenia"]
[WhiteFideId "34557431"]
[BlackFideId "14605511"]
[EventDate "2025.10.05"]

1. e4 e5 2. Nf3 Nc6 3. d4 exd4 4. Nxd4 Nf6 5. Nxc6 bxc6 6. Nd2 d5 7. exd5 cxd5
8. Bb5+ Bd7 9. Bxd7+ Qxd7 10. O-O Be7 11. b3 O-O 12. Bb2 Rad8 13. Qf3 Rfe8 14.
Rfe1 Qg4 15. Rad1 Qxf3 16. Nxf3 Ne4 17. Nd4 Bb4 18. Re3 Bc5 19. Red3 Bb6 20. Kf1
f6 21. f3 Nc5 22. R3d2 Rd7 23. Nc6 Rd6 24. Nb4 c6 25. c4 a5 26. Nc2 Red8 27.
cxd5 Rxd5 28. Rxd5 cxd5 29. Bd4 Nd7 30. Bxb6 Nxb6 31. Ke2 Kf7 32. Nd4 Rc8 33.
Kd2 a4 34. Re1 axb3 35. axb3 Re8 36. Ra1 Ra8 37. Rxa8 Nxa8 38. Kc3 Nc7 39. Kb4
Ke8 40. Kc5 Kd7 41. b4 Na6+ 42. Kb5 Nb8 43. f4 g5 44. Kb6 Kd6 45. Kb7 Nd7 46.
Nb5+ Ke6 47. Kc7 gxf4 48. Nd4+ Ke7 49. b5 h5 50. Kc6 Ne5+ 51. Kxd5 Kd7 52. h3
Nd3 53. Ne2 f3 54. gxf3 h4 55. Kd4 Nf2 56. Nf4 Kd6 57. Kc4 Nd1 58. Kb4 Ne3 59.
Ka5 Nc4+ 60. Kb4 Ne5 61. Ka5 Nxf3 62. Ng6 Kc7 63. Ka6 Kb8 64. Ne7 Nd4 65. Kb6 f5
66. Kc5 Ne6+ 67. Kd6 Nd4 68. Kc5 Ne6+ 69. Kd5 Nf4+ 70. Kd6 Nxh3 71. Nxf5 Kb7 72.
Kc5 Nf4 73. Nxh4 Ne6+ 74. Kc4 Nc7 75. Kc5 Nxb5 1/2-1/2

[Event "25th European Teams Women"]
[Site "Batumi GEO"]
[Date "2025.10.09"]
[Round "5.11"]
[Board "4"]
[White "Mihelic, Vesna"]
[Black "Tirpan, Ceren"]
[Result "0-1"]
[WhiteTitle "WFM"]
[BlackTitle "WFM"]
[WhiteElo "2127"]
[BlackElo "2195"]
[WhiteTeam "Slovenia"]
[BlackTeam "Turkiye"]
[WhiteFideId "14625520"]
[BlackFideId "26385309"]
[EventDate "2025.10.05"]

1. e4 c5 2. Nf3 e6 3. c3 Nf6 4. e5 Nd5 5. a3 d6 6. d4 cxd4 7. c4 Nb6 8. Bg5 Qc7
9. Nxd4 Bd7 10. exd6 Qxd6 11. Nc3 Nc6 12. Be3 Rd8 13. Ndb5 Qe5 14. Be2 Nc8 15.
Qd2 Qb8 16. Bf4 e5 17. Nd5 Bd6 18. Bg5 N6e7 19. Nxe7 Bxe7 20. Bxe7 Nxe7 21. Nd6+
Kf8 22. c5 Bc6 23. Qg5 f6 24. Qg4 h5 25. Qh3 Bd7 26. Qb3 Be8 27. O-O Nc6 28. Qd5
Qc7 29. Bc4 Rd7 30. Qe4 Nd4 31. b4 Rxd6 32. cxd6 Qxc4 33. Qxb7 Bc6 34. Qc8+ Kf7
35. Qc7+ Kg6 36. Kh1 Rc8 37. Rac1 Qd5 38. Rxc6 Rxc7 39. Rxc7 Qxd6 40. Rxa7 Nb5
41. Ra5 Qd3 42. Re1 Nxa3 43. h3 Qd2 44. Re3 Nc4 45. Rg3+ Kf5 46. Ra7 Qe1+ 47.
Kh2 Nd2 48. Rgxg7 Qxf2 49. Ra3 h4 50. Ra1 Nf1+ 51. Kh1 Ng3+ 52. Kh2 Qd4 53. Rb1
Qe4 54. Rg1 Qf4 55. Rd1 Nh5+ 56. Kg1 Qe3+ 0-1